Les 5 planètes naines - Statistiques

Statistiques générales
  • Ce quiz a été pris 449 fois
  • Le résultat moyen est 3 sur 5
Statistiques - réponses
Planète naine % Correct
Pluton
97%
Cérès
51%
Makemake
44%
Eris
39%
Hauméa
32%
Aucun quiz correspondant
Distribution des résultats
% des personnes avec chaque résultat
Percentile par nombre de réponses
Votre historique - résultats
Vous n’avez pas pris ce quiz